| 000 | 00694cam a2200229u 4500 | ||
|---|---|---|---|
| 999 |
_c7251 _d7251 |
||
| 001 | 7251 | ||
| 003 | BD-JhCC | ||
| 005 | 20180422083856.0 | ||
| 008 | 830715t19621961nyua j 000 0beng | ||
| 035 | _a(BD-JhCC)7251 | ||
| 040 |
_aDLC _cCarP _dDLC _d(BD-JhCC) |
||
| 041 | _aeng | ||
| 050 | 0 | 0 |
_aDA68.32.B2 _bC3 1962 |
| 082 |
_bCAT 1965 _a823.91 |
||
| 100 | 1 | _aCatherall, Arthur, 1906- [from old catalog] | |
| 245 | 1 | 4 |
_aThe young Baden-Powell / _cArthur Catherall, |
| 260 |
_aNew York, _bRoy Publishers _c[1962, c1961] |
||
| 300 |
_a136 p. _billus. _c21 cm. |
||
| 600 | 1 | 0 |
_aBaden-Powell of Gilwell, Robert Stephenson Smyth Baden-Powell, _cBaron, _d1857-1941 |
| 942 |
_2ddc _cBK |
||